[Event "Porto Mannu op"]
[Site "Porto Mannu"]
[Date "2009.05.23"]
[Round "9"]
[White "Tiviakov, Sergei"]
[Black "Marin, Mihail"]
[Result "1/2-1/2"]
[WhiteElo "2695"]
[BlackElo "2564"]
[Annotator "Marin,M"]
[PlyCount "95"]
[EventDate "2009.05.16"]
[EventType "swiss"]
[EventRounds "9"]
[EventCountry "ITA"]
[SourceTitle "CBM 130 Extra"]
[Source "ChessBase"]
[SourceDate "2009.07.02"]
[SourceVersion "2"]
[SourceVersionDate "2009.07.15"]
[SourceQuality "1"]

1. e4 e5 2. Nf3 Nc6 3. Bc4 {Frankly speaking, I did not quite expect this move.
Only a win of either player in this last round game would guarantee the first
place (be it shared) and the Italian game is anything but thrilling. Besides,
I had won our previous game (Reggio Emilia 2007/08) in which the same opening
was played. Be it as it may, my preparation against the Worrall Attack proved
useless for the second time.} d6 $5 ({In the previous game I preferred the
classical} 3... Bc5 {. In the meanwhile, I had written an article (CBM 127) on
the text move and wanted to prove it in practice. Black avoids symmetry and
plans to get some sort of improved Pirc by developing his bishop to g7.}) 4. d4
({From the strategic point of view,} 4. c3 {may be more consistent.}) 4... exd4
({The more passive} 4... Be7 {would transpose to the Hungarian Defence.}) 5.
Nxd4 g6 6. Nc3 Bg7 7. Be3 Nf6 8. f3 ({In my article I evaluated that the sharp
position resulting after} 8. Qd2 O-O 9. O-O-O Re8 10. f3 Ne5 11. Bb3 a6 {
offers Black good counterplay.}) 8... O-O 9. Nxc6 {Tiviakov aims for a simple
position. After the game, somebody told me that he had read an interview of my
opponent in which he confessed that generally he does not aim to get an
advantage from the opening. Instead, he constantly tries to outplay his
opponent in the middlegame. The present game more or less confirms this
scenario. It should be said that this move had never been tried in serious
games.} (9. O-O Re8 (9... Ne5 10. Bb3 a6) 10. Qd2 Ne5 11. Bb3 a6 {does not
confront Black with problems, as shown in my article.}) 9... bxc6 10. O-O Re8
11. Re1 (11. Qd2 d5 $132) 11... Be6 $5 {I did not hesitate too much before
playing this move, which more or less completes Black's development and
neutralizes White's pressure along the c4-f7 diagonal.} ({When checking my
article, I was slightly surprised to find out that I had recommended} 11... Nd7
12. Qd2 Ne5 13. Bb3 Be6 {. Generally speaking, this looks acceptable for Black,
but during the game I was not keen to spend two tempi on placing the knight on
a relatively unstable square.}) 12. Bb3 {White has to maintain the tension if
he wants to fight for an advantage.} (12. Bxe6 Rxe6 13. Qd2 Qb8 14. b3 Qb4 {
[%cal Ga7a5,Ga8e8]}) 12... Qb8 $1 {[%cal Ga7a5,Gb8b4] The regroupment
initiated by this move is more or less knwon from the classic games of Lasker
and Capablanca in the Steinitz variation of the Spanish Opening. Black has a
solid position, but has little space, which requires from him a very rational
positioning of his forces. Black plans ...a5 and ...Qb4, aiming to force the
exchange on e6 by a further advance of the a-pawn to a4.} (12... Bxb3 13. axb3
$14 {[%cal Ga1a7]}) 13. Qd2 Qb4 $6 {But this is the wrong move order.
Immediately after pressing my clock, I understood that this was the kind of
micro-mistake that my opponent was waiting for.} (13... a5 $1 14. Rad1 (14. Ba4
Qb7 {wins a tempo compared to the game.}) 14... Qb4 {[%cal Ga5a4]} 15. Ba4 Ra6)
14. Ba4 $1 {There is no easy way to defend the c6-pawn.} Qb7 (14... Bd7 {
looks a bit passive and takes the d7-square away from the knight.}) 15. Ne2 a5
16. Bd4 Bd7 {Somehow, Black still is OK, which speaks volumes about the
unpretentious character of White's play in the opening.} 17. c4 {A double
edged move. White gains some space, but weakens the dark squares.} (17. Qc3 Qb4
18. Bxf6 Bxf6 19. Qxf6 Qxa4 20. b3 Qb4 $11) 17... Qb4 18. Qc2 (18. Qxb4 axb4
19. b3 Rxa4 (19... Nh5 $11) 20. bxa4 c5 21. Bb2 Bxa4 $44) 18... Nh5 $1 {
[%cal Gh5g7,Gg7e6,Ge6c5]} 19. Bxg7 Nxg7 20. c5 $1 {This is the only way to
prevent Black from stabilizing on the dark squares.} Ne6 21. cxd6 cxd6 $13 {
White maintains his space advantage, but his position is far from perfect. The
second rank is weak and the a4-bishop is slightly misplaced. If Black manages
to play ...d5 under favourable circumstances, his position would become very
pleasant.} 22. Rad1 ({I was slightly surprised by this move and expected} 22.
Red1 {[%cal Ga1c1] , which removes the e1-rook from the vulnerable position.})
22... Rad8 {This looks safest, but the line examined in the comments to the
next move also speaks in favour of placing the other rook on d8.} (22... Red8 {
[%cal Ga8b8]} 23. f4 ({After} 23. Nc3 {Black can play} d5 {already.} 24. exd5
cxd5 {[%cal Gb4e1]}) 23... Nc5 24. Nc3 d5 {[%csl Ga8,Gg8] Frankly speaking, I
was afraid that my kingside would remain vulnerable.}) 23. Nc3 Nc5 ({It took
me some time to convince myself that} 23... d5 $6 {does not work out well
because of the exposed position of the e8-rook.} 24. exd5 cxd5 25. Nxd5 Qxa4 (
25... Bxa4 26. Nxb4 Bxc2 27. Nxc2 $16) 26. Nf6+ Kh8 (26... Kf8 27. Nxd7+) (
26... Kg7 27. Qc3) 27. Qc3 Rc8 28. Qd2 Nf8 29. Nxe8 $14) 24. Kh1 Re6 $6 {
Mutual time trouble was approaching and I started playing without a clear plan.
} ({This was the right moment for} 24... d5 $1 25. a3 (25. exd5 $2 Bf5 $1 $17)
25... Qb6 26. exd5 Rxe1+ 27. Rxe1 cxd5 28. Bxd7 (28. Nxd5 $2 Bxa4 29. Qxa4 Nxa4
) 28... Rxd7 $11 {[%cal Gd5d4] /=/+}) 25. Re2 Be8 26. Red2 $14 d5 27. Rd4 Qb7
28. Qd2 (28. Nxd5 cxd5 29. Qxc5 Bxa4 30. Rxa4 Qxb2 31. h3 $5 $16 (31. exd5 Re2
$132)) 28... Re5 29. exd5 Nxa4 30. Rxa4 (30. Nxa4 Rexd5 31. Qc3 Qb4 $11) 30...
cxd5 31. Rxa5 {White has managed to win a pawn and has an advantage, but this
loses relevance because of the acute mutual time trouble. In such cases, the
immediate threats (be they real or imaginary) dictate the course of events.}
Qb4 32. Ne2 Rb8 33. Qxb4 (33. b3 $4 Rxe2 $1 $19) 33... Rxb4 34. Rd2 Bb5 35. Ng1
$6 (35. Ra8+ $1 Kg7 36. Rb8 Rc4 37. Kg1 Rxe2 38. Rxe2 Rc1+ 39. Kf2 Bxe2 40.
Kxe2 Rc2+ 41. Ke3 Rxg2 42. a4 $16) 35... Re1 36. Ra8+ Kg7 37. Rb8 d4 38. h3 d3
39. b3 (39. Rxd3 Rxb2) 39... Rc1 40. a4 (40. Rxd3 Bxd3 41. Rxb4 Rc2 42. a4 Bf1
43. g4 Bg2+ 44. Kh2 Bf1+ 45. Kh1 (45. Kg3 $2 Rg2+) 45... Bg2+ $11) 40... Rxb3
41. Rxb5 Ra3 42. Kh2 Raa1 43. Rxd3 Rxg1 44. Rd7 {The position has calmed down.
White maintains the extra-pawn, but everything depends on who will manage to
attack the vulnerable point in the opponent's structure (f7 and g2)} Rgb1 $1 {
Given the drawish tendency of the single rook ending, Black manages to prevent
his opponent from doubling rooks on the seventh rank.} 45. Kg3 (45. Ra5 Rd1 $1)
45... h5 46. h4 Kf8 47. Rd6 $6 {Slightly careless.} ({I had nothing against
defending the ending arising after} 47. Rxb1 Rxb1 48. a5 Ra1 49. Rd5 Ra4 $14 {
, especially that I had much more time than my opponent already.}) 47... Rg1 $1
{[%cal Ga1a2]} 48. Rdb6 1/2-1/2

[Event "EU-ch 19th"]
[Site "Batumi"]
[Date "2018.03.24"]
[Round "7"]
[White "Navara, David"]
[Black "Bok, Benjamin"]
[Result "1-0"]
[WhiteElo "2737"]
[BlackElo "2622"]
[Annotator "Mekhitarian,K"]
[PlyCount "113"]
[EventDate "2018.03.17"]
[EventType "swiss"]
[EventRounds "11"]
[EventCountry "GEO"]
[SourceTitle "CBM 184"]
[Source "ChessBase"]
[SourceDate "2018.05.16"]
[SourceVersion "1"]
[SourceVersionDate "2018.05.16"]
[SourceQuality "1"]

1. e4 e5 2. Nf3 Nc6 3. Bc4 Bc5 4. O-O Nf6 5. d3 O-O 6. a4 a5 7. Bg5 h6 8. Bh4
g5 {a principled decision. Black weakens his king in the long-term, but at the
same time, he may hope for a pawn advance with h5 later if White plays
passively.} (8... Be7 {is a more solid response when White goes for the Bg5
pin early in the Italian opening.} 9. Bg3 d6 10. h3 Kh8 11. c3 Nh7 12. Qb3 f5
$1 13. exf5 Bf6 14. Be6 Ne7 $44 {0-1 (41) Karjakin,S (2781)-Aronian,L (2793)
Stavanger 2017}) 9. Bg3 (9. Nxg5 $5 {doesn't look brilliant, but Black always
has to be careful.} hxg5 10. Bxg5 Be7 {followed by d6 and slowly the pieces
should come out.} 11. Nc3 d6 12. Bh6 $44) 9... d6 10. c3 Ba7 (10... Ne7 {
bringing the knight over to the kingside is typical, but here d4 gets there
quickly} 11. Nbd2 Ng6 12. d4 exd4 13. cxd4 Bb4 14. e5 Nh5 15. exd6 (15. Ne4 $2
g4 $1 $17 {0-1 (27) Baramidze,D (2610)-Shirov,A (2630) Germany 2018}) 15...
cxd6 16. Ne1 $13) (10... Kg7 $5 {was played in the notable Hou - Ding game
from the Moscow FIDE GP in 2017.} 11. Re1 g4 12. Bh4 $5 Ne7 $5 13. Bxf6+ Kxf6
14. d4 Bb6 15. Nh4 Kg7 {Hou,Y (2652)-Ding,L (2773) Moscow FIDE GP 2017 (3) 0-1
and slowly Black scored a nice win. You can check analysis from Michael Roiz
on this game.}) 11. Re1 (11. Na3 {[%cal Ga3c2,Gc2e3,Ge3f5] was seen in a
recent game, played one month after this one.} Bg4 12. Kh1 Kg7 13. Nc2 d5 14.
exd5 Nxd5 15. d4 exd4 16. cxd4 Nce7 17. Ne3 Nxe3 18. fxe3 {with a superb
position for White, the a7-bishop is out of play and the weakness of the black
king can be felt already} Nf5 19. Qb3 f6 20. Ne5 $1 (20. Rae1 $2 Nxg3+ 21. hxg3
Bb6 $13 {0-1 (37) Xiong,J (2665)-Robson,R (2660) Saint Louis 2018, with
balanced play.}) 20... fxe5 (20... Nxg3+ 21. hxg3 fxe5 22. Rxf8 Qxf8 23. Rf1
$18) 21. Bxe5+ Kh7 22. h3 $18) 11... Ne7 {Whenever the knight goes away, White
has to be looking to open up the centre.} 12. d4 $1 Ng6 13. Na3 {[%csl Gf5]
[%cal Ga3c2,Gc2e3,Ge3f5] The knight has a perfect destination on f5!} exd4 14.
Nxd4 h5 15. e5 dxe5 (15... h4 $5 {was another option} 16. exf6 hxg3 17. fxg3 {
[%cal Gf1f8]} Qxf6 18. Rf1 Qg7 19. Kh1 $40 {but anyway, It looks very scary
for Black.}) 16. Qd3 $1 Nd5 (16... e4 $5 17. Qe3 Ng4 18. Qxe4 Kg7 $132 {
[%cal Gh5h4] also deserved attention.}) 17. Bxe5 c6 18. h3 Ndf4 (18... Nxe5 $1
{taking this bishop in such an open position is always very important,
specially to guarantee a safe square on g7 for the black king.} 19. Rxe5 Bb8
20. Ree1 Qd6 {[%cal Gd6h2]} 21. g3 h4 $132) 19. Qc2 Nxe5 20. Rxe5 Bb8 21. Re3
Qf6 {Bok is doing fine here. His king remains open, but the critical f5-square
is well controlled, he has the bishop pair and a strong knight on f4, and
White has a useless knight on a3 for now.} 22. Rae1 Bd6 $6 (22... g4 $5) (22...
Kg7 $5 {preparing either ...g4 or the simple ...Qg6.}) 23. Ba2 $1 {Preparing
Nc4.} Bxa3 24. Bb1 {[%cal Gc2h7]} Qg6 25. Qb3 Qf6 26. bxa3 $1 {This move is
nothing special, but I find it very instructive. In this position, dynamics
are more important than strategy - White wants to keep the queen on a more
active square, and he is not worried about the long-term consequences of the
weak pawns.} Be6 27. Qc2 $6 (27. Nxe6 $5 Nxe6 28. Qxb7 $16 {was good enough,
but Navara is faithful to his plan of keeping the biggest tension always.})
27... Rfe8 28. Nf3 Kf8 $1 29. Ne5 Rad8 {Suddenly Black is doing fine again.}
30. c4 Bc8 $2 (30... c5 $1 {now the a5-pawn pickup does not work:} 31. Qc3 Kg7
32. Qxa5 Bxh3 $1 33. gxh3 Rxe5 $1 $19 {in the other variation, the a5-queen
would keep contact with e5. Now White is suddenly lost, since ...Nxh3+
followed by ...Qxf2+ happens if White takes the knight back.} 34. Rxe5 Nxh3+
35. Kh2 Qxf2+ 36. Kxh3 (36. Kh1 Rd2 $1 {Guess which king ended up worse now?})
36... g4#) 31. Qc3 $1 Kg8 32. Qxa5 Re6 33. Bf5 $1 {[%cal Ga5d8]} Red6 34. Bxc8
Rxc8 35. Nf3 Ne6 36. Nxg5 $1 {Simplifying into a winning position.} Nxg5 37.
Rg3 Kf8 38. Qxg5 $18 Qxg5 39. Rxg5 {The endgame is hopeless for Black. Navara
plays precisely until the end.} Ra8 40. a5 h4 41. Rh5 Ra7 42. Re4 Rd3 43. Rf4
Rxa3 44. Rh7 Ke7 45. Rfxf7+ Kd6 46. Rxb7 Rxb7 47. Rxb7 Kc5 48. Rh7 Kxc4 49.
Rxh4+ Kd3 50. Rh5 Kd4 51. g4 c5 52. g5 c4 53. g6 c3 54. Rh4+ Kd3 55. g7 c2 56.
g8=Q c1=Q+ 57. Kh2 1-0

[Event "Metz op 31th"]
[Site "Metz"]
[Date "2013.04.25"]
[Round "9"]
[White "Crut, Aurelien"]
[Black "Hilverda, Alexander"]
[Result "1-0"]
[WhiteElo "2367"]
[BlackElo "2329"]
[Annotator "Metz Alekhine/Primel,D"]
[PlyCount "45"]
[EventDate "2013.04.20"]
[EventType "swiss"]
[EventRounds "9"]
[EventCountry "FRA"]
[SourceTitle "EXT 2016"]
[Source "ChessBase"]
[SourceDate "2015.10.08"]
[SourceVersion "1"]
[SourceVersionDate "2015.10.08"]
[SourceQuality "1"]
[TimeControl "40/5400:1800+30"]
[WhiteClock "1:30:00"]
[BlackClock "1:30:00"]

1. e4 e5 2. Nf3 Nc6 3. Bc4 Bc5 4. d3 Nf6 5. Nc3 a6 6. Bg5 h6 7. Bxf6 Qxf6 8.
Nd5 Qd8 9. c3 Ba7 (9... d6 {La grande ligne} 10. d4 Ba7) 10. d4 exd4 {Les
Noirs risquent de manquer de contre-jeu après l'abandon du centre} (10... O-O
11. Nxe5 Nxe5 12. dxe5 Qg5 13. Qf3 Qxe5 14. O-O d6 15. Bb3 c6 16. Ne3 Be6 17.
Rad1 Rad8 18. Rfe1 Rfe8 19. Nf5 Bc5 20. h3 Rd7 21. Qg3 Qf6 22. Bxe6 Rxe6 23.
Nd4 Re5 24. Qf3 Qg6 25. Qg4 Qxg4 26. hxg4 Rg5 27. f3 d5 28. Kf1 dxe4 29. Rxe4
Rgd5 30. Ke2 g6 31. Rd3 Kg7 32. Rde3 Bxd4 33. Rxd4 Rxd4 34. cxd4 Rxd4 35. Re7
b5 36. Rc7 Ra4 37. a3 b4 38. axb4 Rxb4 39. Rxc6 Rxb2+ 40. Kf1 {Crut,A (2336)
-Le Roux,J (2559) Pau 2012 0-1 (69)}) 11. cxd4 O-O 12. O-O d6 13. h3 Kh8 $146 {
Trop lent} (13... Ne7 $142 {[%cal Gc8e6] ;Crut,A (2302)-Pap,M (2521) Metz op
28th 2010 (2) 0-1}) (13... b5 14. Bb3 Na5 {Nevednichy,V (2572)-Navara,D (2708)
EU-ch 11th Rijeka 2010 (2) 0-1}) 14. Rc1 f5 (14... Be6) (14... Ne7) 15. Nf4 $1
fxe4 16. Ng6+ Kh7 17. Nxf8+ Qxf8 18. Ng5+ $1 Kh8 19. Qh5 $40 Ne7 20. Bb3 d5 $2
(20... Bb6 {[%csl Rc7]}) 21. Rxc7 Bb6 22. Qf7 $1 Bf5 23. Rxe7 1-0

[Event "Corus"]
[Site "Wijk aan Zee"]
[Date "2009.01.18"]
[Round "2"]
[White "Movsesian, Sergei"]
[Black "Adams, Michael"]
[Result "1-0"]
[WhiteElo "2751"]
[BlackElo "2712"]
[Annotator "Movsesian,S"]
[PlyCount "75"]
[EventDate "2009.01.17"]
[EventType "tourn"]
[EventRounds "13"]
[EventCountry "NED"]
[EventCategory "19"]
[SourceTitle "CBM 129"]
[Source "ChessBase"]
[SourceDate "2009.03.25"]
[SourceVersion "1"]
[SourceVersionDate "2009.03.25"]
[SourceQuality "1"]

1. e4 e5 2. Nf3 Nc6 3. Bc4 Bc5 4. O-O Nf6 5. d4 $5 {This move is very old and
has almost disappeared from modern tournament praxis. I decided to give it a
try as a surprise weapon.} Bxd4 ({Another option, leading to very sharp play is
} 5... exd4 6. e5 d5 7. exf6 dxc4 8. Re1+ Be6 9. Ng5 Qd5 10. Nc3 Qf5 11. g4 $5
{with extremely complicated game.}) 6. Nxd4 Nxd4 7. f4 d6 8. fxe5 dxe5 9. Bg5
Qe7 10. c3 Be6 11. Na3 {This can be considered as the "main line" in this rare
variation.} Nc6 $6 {Michael was spending quite a lot of time in the opening
and decided to keep the white-squared bishops on the board.} (11... Bxc4 {
is considered to be best here:} 12. Bxf6 gxf6 13. Nxc4 Ne6 {e.g} 14. Qa4+ (14.
Kh1 Qc5 15. Na3 Rg8 16. Rxf6 Nf4 $36 {Anderssen-Fleissig,Vienna 1873}) 14... c6
15. Ne3 Rg8 16. Kh1 Nc5 17. Qc2 O-O-O 18. Rad1 $11 {Minckwitz-Anderssen,Vienna
1878}) 12. Kh1 Rd8 13. Qe2 h6 14. Bxf6 gxf6 15. Rf2 Rg8 16. Raf1 Rg6 17. Nc2 $1
{The white knight is heading to e3, from where it can move to both d5 and f5.}
Kf8 18. Ne3 Nb8 $1 {Black has to re-group the pieces in order to defend his
kingside.} 19. Qh5 Kg7 20. Qf3 Kh7 21. Nd5 ({Interesting was also the
"materialistic"} 21. Nf5 $5 Bxf5 22. exf5 Rg7 23. Qxb7 Qc5 24. Qe4 {winning
back the pawn with a slight advantage.}) 21... Bxd5 22. exd5 e4 23. Qf4 Rd6 $6
({The computer has an interesting suggestion:} 23... b5 $5 24. Bb3 Na6 25. Bc2
Nc5 26. Re2 Rxd5 27. b4 {and here Black is forced to sac a piece} f5 $5 28.
bxc5 Kg7 29. Ref2 {and White's chances are still to be favoured.}) 24. Re2 Nd7
25. Rxe4 Ne5 26. Bb3 Kg8 27. c4 b6 28. Bc2 Qf8 29. Re3 Rg5 (29... Rg4 30. Qf5 {
and here} Qg7 $2 {loses due to} 31. Rxe5 $1 fxe5 32. Qc8+) 30. Bf5 Kh8 31. Rfe1
a5 32. b3 c6 {Black's position is already very difficult and the opening of
the position is not going to help much...} 33. dxc6 Rxc6 34. h4 Rg8 35. Rd1 a4
$2 {Giving White a chance to finish the game with a nice blow.} 36. Rd8 $1 Qg7
37. Rxg8+ Kxg8 38. Rg3 1-0

[Event "EU-Cup 21st"]
[Site "Saint Vincent"]
[Date "2005.09.23"]
[Round "6.1"]
[White "Middelburg, Tom"]
[Black "Seitaj, Ilir"]
[Result "1-0"]
[WhiteElo "2416"]
[BlackElo "2385"]
[Annotator "Mueller,Karsten"]
[PlyCount "151"]
[EventDate "2005.09.18"]
[EventType "team-swiss"]
[EventRounds "7"]
[EventCountry "ITA"]
[SourceTitle "CBM 110"]
[Source "ChessBase"]
[SourceDate "2006.01.31"]
[SourceVersion "1"]
[SourceVersionDate "2006.01.31"]
[SourceQuality "1"]
[WhiteTeam "Leerdams"]
[BlackTeam "Pristina"]
[WhiteTeamCountry "NED"]
[BlackTeamCountry "YUG"]

1. e4 e5 2. Nf3 Nc6 3. Nc3 Nf6 4. Bb5 Bb4 5. O-O d6 6. d3 Bxc3 7. bxc3 O-O 8.
Bg5 Qe7 9. Re1 Bg4 10. h3 Bd7 11. d4 Rad8 12. Rb1 b6 13. Qc1 h6 14. Bh4 Na5 15.
Bd3 Bc8 16. Kh2 c5 17. d5 c4 18. Bf1 Kh7 19. g4 Rh8 20. Kg2 Kg8 21. Qe3 Kf8 22.
Nd2 g5 23. Bg3 Ba6 24. Be2 Nd7 25. Rh1 Kg7 26. h4 f6 27. Rb4 Rc8 28. Qf3 Nf8
29. Nf1 Ng6 30. Ne3 Qd8 31. Nf5+ Kg8 32. Rbb1 Rc7 33. hxg5 hxg5 34. Rxh8+ Kxh8
35. Rh1+ Rh7 36. Rxh7+ Kxh7 37. Kg1 Bc8 38. Qh1+ Kg8 39. Qh6 Bxf5 40. gxf5 Nf8
41. Bh5 Nb7 42. f3 Nc5 43. Bf2 Ncd7 44. Be3 b5 45. Bg6 a6 46. Qh5 Nxg6 47.
Qxg6+ Kf8 48. Qh6+ Ke8 49. Qg6+ Kf8 50. Qh7 Ke8 51. Kg2 Qe7 52. Qg6+ Qf7 53.
Kg3 Nf8 54. Qxf7+ Kxf7 55. Kg4 Nd7 56. Kh5 Nc5 $4 {[%mdl 8192] Schwarz schätzt
das entstehende Bauernendspiel falsch ein. Nach} (56... Kg7 {wäre seine
Stellung unverlierbar.}) 57. Bxc5 dxc5 58. d6 a5 59. d7 Ke7 60. Kg6 b4 61.
d8=Q+ Kxd8 62. Kxf6 a4 63. cxb4 cxb4 64. Kg7 b3 65. cxb3 cxb3 66. axb3 a3 (
66... axb3 67. f6 b2 68. f7 b1=Q 69. f8=Q+ Kd7 70. Qf5+ $18) 67. f6 a2 68. f7
a1=Q 69. f8=Q+ Kd7 70. Qf5+ Kc6 71. Qxg5 Qc3 72. Qf6+ Kc5 73. Qf7 Kd6 74. b4
Qb2 75. Kf6 Qh2 76. Qd5+ 1-0